Statistiques concernant Les pays africains qui finissent par -ie.

Cliquez ici pour prendre le quiz!

Statistiques générales

  • Ce quiz a été pris 168 fois
  • Le résultat moyen est 8 sur 9

Statistiques - réponses

Pays% Correct
Algérie
94%
Gambie
92%
Namibie
92%
Tunisie
92%
Zambie
92%
Mauritanie
89%
Ethiopie
87%
Tanzanie
87%
Somalie
83%

Distribution des résultats

Percentile par nombre de réponses

% des personnes avec chaque résultat

Votre développement - résultats

Vous n’avez pas pris ce quiz